000 00489nam a2200181 a 4500
020 _a0395708486 (student text)
020 _a0395717310 (examination copy)
040 _cDLC
082 0 0 _a909 HOU 1995 A103 Or.
100 1 _aRay, James Lee.
245 1 0 _aGlobal politics /
250 _a6th ed.
260 _aBoston :
_bHoughton Mifflin,
_cc1995.
300 _axix, 646 p. :
_bill., maps ;
_c24 cm.
500 _a"3-46130"--P. [4] of cover.
650 0 _aWorld politics
942 _cEK
999 _c13949
_d13949